000 01534nam0a22003131 4500
001 RU\NLR\INFOCOMM_253\5000017279
005 20250613093401.0
035 _a(NLR Aleph) 009200518
090 _a8686904
_c8686904
100 _a20100424d1957 |||y0rusy50 ca
101 0 _ager
102 _aRU
105 _ay ||||000|y
200 1 _aDie chronische progressive Asthenie
_eAuf Grund von Beobachtungen an ehemaligen Deportierten und Gefangenen der Nazigefängnisse und Vernichtungslager nach P. Anochin ... Gilbert-Dreyfus ... L. Fichez ... [u. a.]
_eMaterialien der Internationalen Konferenzen von Kopenhagen und Moskau, zusgest. vom Ärztlichen Sekretariat der Internationalen Föderation der Widerstandskämpfer
210 _aΜ.
_d[1957]
215 _a82 с.
_d20 см
225 1 _aÄrztenkonferenzen der Internationalen Föderation der Widerstandskampfer
_vBd. 1
606 _aАстенические состояния
_2nlr_sh1
686 _aМе15-560
_2rubbk
701 1 _aAnochin
_bP.
_4070
701 1 _aGilbert-Dreyfus
_4070
701 1 _aFichez
_bL.
_4070
712 0 2 _aInternationale Konferenz über die Therapie, die funktionelle Wiederherstellung und die Wiederanpassung der Kriegsinvaliden, Wiederstandskämpfer und Deportierten
_eMoskau
_f1957
_4570
712 1 2 _aMedizinisch-soziale internationale Kongress über die Pathologie der ehemaligen Deportierten und Häftlinge
_eKopenhagen
_f1954
_4570
801 1 _aRU
_bNLR
_c20100424
801 0 _aRU
_bNLR
_gPSBO
852 _aNLR
_jМд51 Г-4/19
942 _cBOOK
980 _aNB